=LDR 00000nam 2200000 4500 =001 INLIS000000000009006 =005 20130612100830 =008 ***********************************Ind** =035 ##$$0010-061300000009006 =041 ##$$a Ind =082 ##$$a 634.92 =090 ##$$a 634.92, Bar-m =100 ##$$a Barber, Charles Victor =245 ##$$a Menyelamatkan sisa hutan di Indonesia dan Amerika Serikat, Charles Victor Barber =260 ##$$a 1999 $b Jakarta =300 ##$$a xii, 268 hlm., Ilus., 21 cm =650 ##$$a Ekonomi Kehutanan =700 ##$$a Johnson, Nels C =850 ##$$a NBPNMAT